| 000 | 00502nam a22001697a 4500 | ||
|---|---|---|---|
| 008 | 230628b |||||||| |||| 00| 0 eng d | ||
| 040 |
_aNational Science Library _cNational Science Library |
||
| 080 |
_a82-32PAT _bQ8,2 |
||
| 100 | _aPatsani, Prasanna | ||
| 245 | _aमैं क्यों आया दिल्ली | ||
| 246 | _aMain kyon aya Delhi | ||
| 260 |
_aOdisha: _bVishwamukti, _c2018 |
||
| 300 | _a132p. | ||
| 650 | _aLiterature | ||
| 653 | _aShort stories | ||
| 942 |
_2udc _cHBK |
||
| 999 |
_c48106 _d48106 |
||